000 00571nam a2200229Ia 4500
003 OSt
005 20221005121216.0
006 a|||||r|||| 00| 0
007 ta
008 221004b |||||||| |||| 00| 0 hin d
024 _a59879
037 _cTextual
040 _aCRL
_cCRL
_bhin
041 _2hin
_ahin
082 _aO152,3M80,H, 33H7
100 _aPremchanda
_9504476
245 0 _aGrahosaha
260 _c1947
650 _aHINDI LITERATURE
_923866
942 _hO152,3M80,H, 33H7
_cTEXL
_2cc
999 _c1040467
_d1040467